000 00288nam a22001337a 4500
003 SGT
020 _a9781501330292
082 _bCRA
100 _aCRAWFORD CONNIE AMADEN
245 _aTHE ART OF FASHION DRAPING
260 _bBLOOMSBURY PUB.
_c2018
300 _a491
942 _2ddc
_cBK
999 _c16722
_d16722